[Event "EYg12"]
[Site "Herceg Novi MNE"]
[Date "2008.09.21"]
[Round "6"]
[White "Navrotescu,A"]
[Black "Tantsiura,M"]
[Result "1-0"]
[WhiteElo "1740"]
[BlackElo "1976"]

1.d4 Nf6 2.c4 g6 3.Nc3 Bg7 4.e4 d6 5.Nf3 O-O 6.Be2 e5 7.O-O Na6 8.Re1 c6
9.Bf1 exd4 10.Nxd4 Ng4 11.Be3 Nxe3 12.Rxe3 Nc5 13.g3 Qf6 14.Nb3 Bh6 15.Re1 Rd8
16.Qc2 Bg4 17.Bg2 Nd7 18.f4 a5 19.a4 Be6 20.Ne2 Nb6 21.c5 Nc4 22.Ned4 d5
23.e5 Qg7 24.Nxe6 fxe6 25.Nd4 Qe7 26.Kh1 Re8 27.Nf3 Qxc5 28.b3 b5 29.bxc4 bxc4
30.Rab1 Rab8 31.Red1 Rxb1 32.Qxb1 Qa3 33.Qa1 Qxa1 34.Rxa1 c5 35.Rb1 c3 36.Ne1 Bf8
37.Rb3 c4 38.Rxc3 Rb8 39.Rc1 Rb4 40.Nc2 Rb6 41.Nd4 Kf7 42.Nb5 Bb4 43.Kg1 Ke7
44.Kf1 Rc6 45.Ke2 Rc8 46.Bh3 Rc6 47.g4 Rc8 48.Bg2 Rf8 49.Rf1 Bc5 50.f5 gxf5
51.gxf5 Rg8 52.f6+ Kf8 53.Bh3 Rg5 54.Nc7 Rxe5+ 55.Kd1 Bb6 56.Nxe6+ Kf7 57.Nf4 d4
58.Be6+ Kxf6 59.Bxc4 Kg5 60.Ne6+ Kh4 61.Rg1 Kh3 62.Rg7 Kxh2 63.Nf4 Rf5 64.Nd5 Bc5
65.Rxh7+ Kg3 66.Rc7 Bf8 67.Ra7 Bh6 68.Kc2 Rf2+ 69.Kd3 Kf3 70.Rf7+ Kg3 71.Rxf2 Kxf2
72.Kxd4 Bf8 73.Ba6 Kf3 74.Kc4 Ke4 75.Bb7 Bh6 76.Kb5 Bd2 77.Nb6+ Kd4 78.Nc4 Be1
79.Nxa5 Ke5 80.Nc6+  1-0

[Event "5th Highlands Open A"]
[Site "Zdar nad Sazavou CZE"]
[Date "2008.09.21"]
[Round "2"]
[White "Cuhra,M"]
[Black "Ponizil,C"]
[Result "1-0"]
[WhiteElo "2143"]
[BlackElo "2284"]

1.d4 Nf6 2.c4 g6 3.Nc3 Bg7 4.e4 O-O 5.Nf3 d6 6.Be2 Na6 7.O-O e5 8.Be3 Ng4
9.Bg5 Qe8 10.h3 f6 11.hxg4 fxg5 12.dxe5 Bxg4 13.Qd5+ Be6 14.Qxb7 Nc5 15.Qxc7 g4
16.Ng5 Rc8 17.Qxa7 Bd7 18.e6 Bxe6 19.Nb5 Rc6 20.Rad1 Ra6 21.Qc7 Rc6 22.Qa5 Be5
23.Nd4 Bxd4 24.Rxd4 Bd7 25.Qd2 h6 26.Rxd6 hxg5 27.Qd5+ Ne6 28.Rxd7 Rc5 29.Qb7 g3
30.Bg4 gxf2+ 31.Rxf2 Rxf2 32.Bxe6+ Qxe6 33.Kxf2 Qf6+ 34.Kg1 Qf8 35.Qb6  1-0

[Event "EYb12"]
[Site "Herceg Novi MNE"]
[Date "2008.09.23"]
[Round "8"]
[White "Mindlin,A"]
[Black "Santos Latasa,J"]
[Result "0-1"]
[WhiteElo "1885"]
[BlackElo "2052"]

1.Nf3 Nf6 2.c4 g6 3.Nc3 Bg7 4.d4 O-O 5.e4 d6 6.Be2 e5 7.dxe5 dxe5 8.Bg5 Nbd7
9.Qd2 c6 10.h4 Qb6 11.Be3 Qc7 12.Ng5 Rd8 13.Rd1 Re8 14.h5 h6 15.Nxf7 Kxf7
16.hxg6+ Kg8 17.Bxh6 Nf8 18.Bxg7 Qxg7 19.Qh6 Qxh6 20.Rxh6 Kg7 21.Rh1 Be6
22.g4 Nxg6 23.g5 Nh7 24.Bh5 Nxg5 25.Rd3 Rh8 26.Rg3 Kf6 27.Bf3 Rxh1+ 28.Bxh1 Bxc4
29.b3 Be6 30.Ne2 Rh8 31.Bg2 Nf4 32.Nxf4 exf4 33.e5+ Kf5 34.Rc3 f3 35.Bf1 Kxe5
36.Rc5+ Bd5 37.Rc3 Rh1 38.Re3+ Ne4 39.Rd3 a5 40.Re3 Kf4 41.Rd3 b5 42.Re3 b4
43.Rd3 Be6 44.Rd8 Bh3 45.Rf8+ Ke5 46.Re8+ Kd4 47.Rd8+ Kc5  0-1

[Event "EYb12"]
[Site "Herceg Novi MNE"]
[Date "2008.09.23"]
[Round "8"]
[White "Kessler,L"]
[Black "Petrov,N"]
[Result "0-1"]
[WhiteElo "1931"]
[BlackElo "2098"]

1.d4 Nf6 2.c4 g6 3.Nc3 Bg7 4.e4 d6 5.Nf3 O-O 6.Be2 e5 7.Be3 Nc6 8.d5 Ne7
9.Nd2 Nd7 10.b4 f5 11.f3 Nf6 12.c5 f4 13.Bf2 g5 14.Nc4 b6 15.a4 h5 16.cxd6 cxd6
17.Nb5 Ne8 18.O-O Rf6 19.a5 Qd7 20.axb6 Qxb5 21.Nxe5 Qxb4 22.Nc6 Nxc6 23.dxc6 Rb8
24.b7 Bxb7 25.cxb7 Qxb7 26.Bc4+ Kh8 27.Rxa7 Qb4 28.Qd5 Rf8 29.Ba2 Be5 30.Qe6 Nf6
31.Qf5 Bd4 32.Rc7 Bxf2+ 33.Rxf2 Qb6 34.Re7 Rbc8 35.g3 Rc2  0-1

[Event "Open"]
[Site "Yuzhny UKR"]
[Date "2008.09.23"]
[Round "6"]
[White "Bogdanovich,S"]
[Black "Kovaleva,M"]
[Result "1-0"]
[WhiteElo "2299"]
[BlackElo "2054"]

1.d4 Nf6 2.c4 g6 3.Nc3 Bg7 4.e4 d6 5.Nf3 O-O 6.Be2 e5 7.O-O exd4 8.Nxd4 Nc6
9.Be3 Re8 10.f3 Bd7 11.Qd2 Nxd4 12.Bxd4 Bc6 13.Rad1 a6 14.Rfe1 Rb8 15.Bf1 Nd7
16.Ba7 Ra8 17.Bf2 Ne5 18.b3 Rb8 19.Nd5 b6 20.Rc1 a5 21.h3 Ra8 22.Be3 Bd7
23.Be2 Nc6 24.Bd1 Re5 25.g4 Re8 26.Kg2 Re5 27.Bc2 Rc8 28.Rh1 Qf8 29.f4 Ree8
30.f5 f6 31.h4 Ne5 32.g5 gxf5 33.exf5 Qf7 34.Rcf1 Bc6 35.Kg3 Bxd5 36.cxd5 Re7
37.Bf4 Rce8 38.Re1 Kf8 39.Re3 Kg8 40.Rhe1 Kf8 41.Qd1 Kg8 42.Rf1 Kf8 43.Kg2 Kg8
44.Bg3 Kf8 45.Rf4 Kg8 46.Rf2 Kf8 47.h5 h6 48.g6 Qg8 49.Rfe2 Bh8 50.Bf4 Bg7
51.Kg3 Qh8 52.Re1 Qg8 53.Qd2 Qh8 54.Bd1 Qg8 55.Be2 Rd8 56.Bb5 Qh8 57.Rc3 Ra8
58.Qc1 Ra7 59.Qe3 Ra8 60.Qc1 Ra7 61.Re2 Kg8 62.Rec2  1-0

[Event "EYg12"]
[Site "Herceg Novi MNE"]
[Date "2008.09.24"]
[Round "9"]
[White "Milutinovic,Stef"]
[Black "Tomin,Ks"]
[Result "1/2-1/2"]
[WhiteElo "1627"]
[BlackElo "1756"]

1.d4 Nf6 2.Nf3 g6 3.c4 Bg7 4.Nc3 O-O 5.e4 d6 6.Be2 e5 7.dxe5 dxe5 8.Qxd8 Rxd8
9.Bg5 Re8 10.O-O-O h6 11.Bh4 Bd7 12.Nd5 Nxd5 13.cxd5 f6 14.Nd2 c6 15.Bc4 Kh7
16.d6 g5 17.Bg3 Bf8 18.Nb3 b6 19.a4 a5 20.Rd3 Ra7 21.Nd2 Be6 22.Rd1 Bxc4
23.Nxc4 Nd7 24.f3 b5 25.axb5 cxb5 26.Ne3 Rc8+ 27.Kb1 b4 28.Nf5 Rb7 29.Bf2 b3
30.Rd5 Rc2 31.R1d2 Rxd2 32.Rxd2 Rb5 33.Rd3 Kg6 34.Rc3 Kf7 35.Rc6 a4 36.Be3 Ra5
37.h4 Ra8 38.hxg5 hxg5 39.g3 Ra5 40.Rc7 Ke6 41.Rc8 Ra6 42.Re8+ Kf7 43.Rd8 Ke6
44.Re8+ Kf7 45.Rd8 Ke6 46.Re8+ Kf7  1/2-1/2

[Event "Zvenigorodskaya Open A"]
[Site "Zvenigorod RUS"]
[Date "2008.09.25"]
[Round "1"]
[White "Kanter,E"]
[Black "Vorobiov,E"]
[Result "1/2-1/2"]
[WhiteElo "2349"]
[BlackElo "2550"]

1.d4 Nf6 2.Nf3 g6 3.c4 Bg7 4.Nc3 O-O 5.e4 d6 6.Be2 Nbd7 7.O-O e5 8.Be3 h6
9.dxe5 dxe5 10.Nd2 Re8 11.b4 Nf8 12.Nb3 Ne6 13.Qxd8 Rxd8 14.Rfd1 Bd7 15.f3 b6
16.c5 Nf4  1/2-1/2

[Event "Zvenigorodskaya Open A"]
[Site "Zvenigorod RUS"]
[Date "2008.09.26"]
[Round "2"]
[White "Slugin,S"]
[Black "Smirnov,P"]
[Result "1-0"]
[WhiteElo "2425"]
[BlackElo "2592"]

1.d4 Nf6 2.c4 g6 3.Nc3 Bg7 4.e4 d6 5.Nf3 O-O 6.Be2 Nbd7 7.O-O e5 8.Be3 Re8
9.d5 Nh5 10.g3 Bf8 11.Ne1 Ng7 12.Nd3 f5 13.f3 Be7 14.Qd2 Nf6 15.c5 fxe4 16.fxe4 Bh3
17.Rfc1 Ng4 18.Bxg4 Bxg4 19.cxd6 cxd6 20.Nb5 Rf8 21.Nxa7 Rf3 22.Nb5 Qf8 23.Nc3 Bh3
24.Nf2 Bd7 25.Rf1 h5 26.Nd3 h4 27.Qe2 Rxf1+ 28.Rxf1 Qc8 29.Qf3 Kh7 30.Nf2 Qc7
31.g4 Qc4 32.h3 Rf8 33.Qd1 g5 34.Qd3 Qb4 35.Nfd1 Rxf1+ 36.Qxf1 Kg6 37.b3 Ne8
38.Qc4 Qa3 39.b4 Bd8 40.Qb3 Qa6 41.b5 Qa5 42.a4 Nf6 43.Nf2 Be8 44.Kg2 Nd7
45.Nfd1 Bb6 46.Bxb6 Qxb6 47.Qb4 Nc5 48.Nb2 Qd8 49.Qc4 Kg7 50.Nd3 Nd7 51.Ne1 Bg6
52.Nf3 Nc5 53.Nxe5 Qf6 54.Nd3 Nxd3 55.Qxd3 Qf4 56.a5 Qc1 57.a6 bxa6 58.bxa6 Qb2+
59.Kf3 Qa1 60.Qd4+ Kh7 61.a7 Be8 62.Ke3 Bd7 63.Kd3 Qa3 64.Kc2 Qa6 65.e5 dxe5
66.Qd3+  1-0

[Event "Zvenigorodskaya Open A"]
[Site "Zvenigorod RUS"]
[Date "2008.09.26"]
[Round "3"]
[White "Gavrilov,Al1"]
[Black "Turutin,A"]
[Result "1-0"]
[WhiteElo "2447"]
[BlackElo "2321"]

1.d4 Nf6 2.c4 g6 3.Nc3 Bg7 4.e4 d6 5.Nf3 O-O 6.Be2 Nbd7 7.O-O e5 8.Re1 c6
9.Bf1 exd4 10.Nxd4 Re8 11.Nc2 Nc5 12.f3 Ne6 13.Be3 Nh5 14.Qd2 f5 15.exf5 gxf5
16.Rad1 Be5 17.Bf2 Qf6 18.g3 Qg7 19.Kh1 f4 20.g4 Nf6 21.Nd4 Ng5 22.Qd3 Kh8
23.Bg2 Qh6 24.Nf5 Nxg4 25.fxg4 Bxf5 26.Qxf5 f3 27.h4 fxg2+ 28.Kxg2 Ne6 29.g5 Qh5
30.Bg3 Rf8 31.Bxe5+ dxe5 32.Qxe5+ Ng7 33.Rf1 Qxh4 34.Rd4 Qh5 35.Rdf4 Rxf4
36.Rxf4 Qe8 37.Qxe8+ Nxe8 38.Rf7 Nd6 39.Rd7 Nxc4 40.Ne4 Ne3+ 41.Kg3 Nd5 42.Rxb7 Re8
43.Nd6 Re3+ 44.Kg4 Re6 45.Nf5 Ne3+ 46.Nxe3 Rxe3 47.Rxa7 Re5 48.Rb7  1-0

[Event "TCh-NED 2008-9"]
[Site "Netherlands NED"]
[Date "2008.09.27"]
[Round "1"]
[White "Bitalzadeh,A"]
[Black "Delemarre,J"]
[Result "1/2-1/2"]
[WhiteElo "2310"]
[BlackElo "2467"]

1.d4 Nf6 2.c4 g6 3.Nc3 Bg7 4.e4 d6 5.Nf3 O-O 6.Be2 e5 7.O-O Na6 8.Be3 Qe8
9.dxe5 dxe5 10.c5 Ng4 11.Bg5 Nxc5 12.Nd5 Ne6 13.Be7 c6 14.Bxf8 Qxf8 15.Nc3 Qe7
16.Rb1 a5 17.a3 Nf4 18.h3 Nf6 19.Re1 Nxe2+ 20.Rxe2 Nh5 21.b4 Bh6 22.Na4 Be6
23.Nc5 Rd8 24.Qc2 Nf4 25.Ree1 axb4 26.axb4 Bc8 27.Red1 Re8 28.Nd3 Nxh3+ 29.gxh3 Bxh3
30.Qc5 Qf6 31.Ndxe5 Bf8 32.Qe3 Bd6 33.Rxd6 Qxd6 34.Qf4 f6 35.Nxg6 Qd3 36.Qxf6 Qxb1+
37.Kh2 hxg6 38.Qxg6+ Kf8 39.Qf6+ Kg8 40.Qg6+ Kf8 41.Ng5 Qb3 42.Qf6+ Kg8 43.Qg6+ Kf8
44.Qf6+ Kg8  1/2-1/2

[Event "Zvenigorodskaya Open A"]
[Site "Zvenigorod RUS"]
[Date "2008.09.27"]
[Round "5"]
[White "Gavrilov,Al1"]
[Black "Smirnov,P"]
[Result "0-1"]
[WhiteElo "2447"]
[BlackElo "2592"]

1.d4 Nf6 2.c4 g6 3.Nc3 Bg7 4.e4 d6 5.Nf3 O-O 6.Be2 e5 7.Be3 Nbd7 8.Qd2 Ng4
9.Bg5 f6 10.Bh4 g5 11.Bg3 Nh6 12.dxe5 Nxe5 13.Nxe5 fxe5 14.Nd5 Be6 15.Rd1 Kh8
16.h3 Bf7 17.f3 Bg6 18.h4 gxh4 19.Bxh4 Qd7 20.c5 Ng8 21.cxd6 cxd6 22.Nc3 Nf6
23.Qxd6 Qf7 24.Qb4 Nh5 25.Bc4 Qf4 26.Nd5 Qh6 27.Be7 Rac8 28.g4 Bf7 29.gxh5 Bxd5
30.exd5 Qe3+ 31.Be2 Rxf3 32.Bh4 Rf4 33.Qb3 Qe4 34.Qh3 Rc2 35.Qh2 Qb4+  0-1

[Event "Autumn-5"]
[Site "Alushta UKR"]
[Date "2008.09.29"]
[Round "5"]
[White "Kutynec,V"]
[Black "Gevorgyan,D"]
[Result "0-1"]
[WhiteElo "2281"]
[BlackElo "2270"]

1.Nf3 d6 2.d4 g6 3.c4 Bg7 4.e4 Nd7 5.Be2 e5 6.Nc3 Ngf6 7.O-O O-O 8.Be3 h6
9.dxe5 dxe5 10.h3 c6 11.Qd2 Kh7 12.Rfd1 Qe7 13.a3 Nc5 14.Qc2 Nh5 15.Ne1 Nf4
16.Bg4 Nce6 17.Ne2 f5 18.exf5 Nxe2+ 19.Bxe2 gxf5 20.Nd3 Kh8 21.f4 e4 22.Nf2 c5
23.Nxe4 fxe4 24.Qxe4 Bf6 25.g4 Nxf4 26.Qxf4 Bg5 27.Qxf8+ Qxf8 28.Bxg5 hxg5
29.Rd5 Qe7 30.Bd3 Qe3+ 31.Kg2 Be6  0-1

[Event "Autumn-5"]
[Site "Alushta UKR"]
[Date "2008.09.29"]
[Round "5"]
[White "Amanov,M"]
[Black "Kovalev,An"]
[Result "1/2-1/2"]
[WhiteElo "2385"]
[BlackElo "2550"]

1.d4 Nf6 2.c4 g6 3.Nc3 Bg7 4.e4 d6 5.Nf3 O-O 6.Be2 e5 7.dxe5 dxe5 8.Qxd8 Rxd8
9.Bg5 Re8 10.Nd5 Nxd5 11.cxd5 c6 12.Bc4 b5 13.Bb3 a5 14.a4 bxa4 15.Bxa4 Bd7
16.dxc6 Bxc6 17.O-O Bxa4 18.Rxa4 Nc6  1/2-1/2

[Event "Podillya It"]
[Site "Khmelnitsky UKR"]
[Date "2008.09.29"]
[Round "5"]
[White "Nyzhnyk,I"]
[Black "Harutjunyan,G"]
[Result "1/2-1/2"]
[WhiteElo "2428"]
[BlackElo "2441"]

1.d4 Nf6 2.c4 g6 3.Nc3 Bg7 4.e4 d6 5.Nf3 O-O 6.Be2 e5 7.dxe5 dxe5 8.Qxd8 Rxd8
9.Bg5 Rf8 10.Nd5 Nxd5 11.cxd5 h6 12.Be3 c6 13.Bc4 b5 14.Bb3 a5 15.a3 Bb7
16.Rc1 Rd8 17.Ke2 a4 18.Ba2 b4 19.axb4 a3 20.bxa3 Rxa3 21.Bc4 cxd5 22.exd5 e4
23.Nd2 Nd7 24.Nxe4 Ne5 25.Nc5 Nxc4 26.Nxb7 Ra2+ 27.Kf3 Ne5+ 28.Kg3 Rxd5 29.Nc5 Nc6
30.Rb1 Nd4 31.Rhd1 Nf5+ 32.Kf3 Nxe3 33.Kxe3 Re5+ 34.Kd3 Rxf2 35.Nd7 Re7 36.Kc4 Rxg2
37.b5 Rc2+ 38.Kb4 Rc7 39.Nb8 Bc3+ 40.Kb3 Re5 41.b6 Rc8 42.Nd7 Rb5+ 43.Ka4 Ra5+
44.Kb3 Rb5+ 45.Ka4 Ra5+ 46.Kb3  1/2-1/2

[Event "ch-Commonwealth"]
[Site "Nagpur IND"]
[Date "2008.09.30"]
[Round "3"]
[White "Premnath,R"]
[Black "Hossain,Enam"]
[Result "1/2-1/2"]
[WhiteElo "2257"]
[BlackElo "2489"]

1.d4 Nf6 2.c4 g6 3.Nc3 Bg7 4.e4 d6 5.Be2 O-O 6.Nf3 Nbd7 7.O-O e5 8.Qc2 Re8
9.Rd1 c6 10.dxe5 dxe5 11.Be3 Qe7 12.a3 Ng4 13.Bg5 f6 14.Bc1 Nf8 15.h3 Nh6
16.Be3 Nf7 17.b4 Ne6 18.c5 Bh6 19.Bxh6 Nxh6 20.Bc4 Kg7 21.Ne2 Nf8 22.Rd6 Be6
23.Bxe6 Nxe6 24.Rad1 Rad8 25.Rxd8 Rxd8 26.Rxd8 Qxd8 27.Qd2 Qc7 28.Qa2 Kf7
29.Nd2 Ke7 30.Nc4 Nf7 31.Qd2 b6 32.cxb6 axb6 33.a4 Nd6 34.Qd3 Qd8 35.Ne3 Qa8
36.Nc3 Nd4 37.f4 h5 38.b5 Kf7 39.fxe5 fxe5 40.Nc4 Ke6 41.Nxe5 N6xb5 42.Nxb5 Nxb5
43.Nxc6 Qxc6 44.axb5 Qc1+ 45.Kf2 Qb2+ 46.Kf3 Qf6+ 47.Ke2 Qb2+ 48.Kf3 Qf6+
49.Ke2 Qb2+ 50.Kf3  1/2-1/2

[Event "17th CRO-chT 1b"]
[Site "Sibenik CRO"]
[Date "2008.09.30"]
[Round "4"]
[White "Bender,I"]
[Black "Malenica,M"]
[Result "0-1"]
[WhiteElo "2302"]
[BlackElo "2228"]

1.d4 Nf6 2.c4 g6 3.Nc3 Bg7 4.e4 d6 5.Nf3 O-O 6.Be2 Na6 7.O-O e5 8.dxe5 dxe5
9.h3 c6 10.Qc2 Qe7 11.Rd1 Nc7 12.Bf1 Nh5 13.Bg5 f6 14.Be3 Ne6 15.a3 f5 16.b4 f4
17.Bc1 Nd4 18.Qd3 g5 19.Ne2 Nxf3+ 20.Qxf3 Nf6 21.Qd3 f3 22.gxf3 Qf7 23.Ng3 h6
24.Be3 b6 25.c5 Nh5 26.Nxh5 Qxh5 27.cxb6 axb6 28.Bxb6 Bxh3 29.Bxh3 Qxh3 30.Qb3+ Kh8
31.Rd3 Rf4 32.Rad1 Rh4 33.Rd8+ Bf8  0-1

[Event "17th CRO-chT 1a"]
[Site "Sibenik CRO"]
[Date "2008.09.30"]
[Round "4"]
[White "Kovacevic,Bl"]
[Black "Saric,Iv"]
[Result "0-1"]
[WhiteElo "2473"]
[BlackElo "2511"]

1.d4 Nf6 2.c4 g6 3.Nc3 Bg7 4.e4 d6 5.Be2 O-O 6.Nf3 e5 7.d5 a5 8.Bg5 Na6 9.Nd2 Qe8
10.O-O Kh8 11.a3 Bd7 12.b3 Ng8 13.Rb1 f5 14.f3 f4 15.b4 Bf6 16.Bxf6+ Nxf6
17.c5 axb4 18.axb4 Qb8 19.Nc4 b5 20.cxb6 cxb6 21.Qb3 b5 22.Na3 Nc7 23.Nc2 g5
24.g4 fxg3 25.hxg3 Bh3 26.Rf2 g4 27.Ne3 Qa7 28.Ncd1 gxf3 29.Bxf3 Rg8 30.Kh2 Bd7
31.Rbb2 Raf8 32.Qa2 Qb8 33.Rbc2 Na8 34.Qa6 Nb6 35.Nc3 Nc4 36.Nxc4 bxc4 37.Qxc4 Qe8
38.Rg2 Nxd5 39.Qxd5 Rxf3 40.Qxd6 Qh5+ 41.Kg1 Bh3 42.Nd5 Bxg2 43.Rxg2 Qg5
44.g4 Rgf8 45.Qa6 Qc1+ 46.Kh2 Rf1 47.Qe2 R8f3  0-1

[Event "Tatry Open"]
[Site "Tatranske Zruby SVK"]
[Date "2008.09.30"]
[Round "5"]
[White "Markosian,D"]
[Black "Sejkora,V"]
[Result "1/2-1/2"]
[WhiteElo "2501"]
[BlackElo "2206"]

1.Nf3 g6 2.d4 Bg7 3.c4 d6 4.Nc3 Nf6 5.e4 O-O 6.Be2 Nbd7 7.O-O e5 8.Re1 c6
9.Bf1 Re8 10.d5 c5 11.a3 Rf8 12.Rb1 a5 13.b4 axb4 14.axb4 cxb4 15.Rxb4 Nc5
16.Bd2 Ra3 17.Nb5 Ra6 18.Nc3 Bg4 19.h3 Bxf3 20.Qxf3 Nfd7 21.Bd3 f5 22.exf5 Nxd3
23.Qxd3 gxf5 24.Qc2 Qh4 25.Nb5 Nc5 26.Nc7 Ra3 27.Ne6 Nd3 28.Rf1 Nxb4 29.Bxb4 Ra6
30.Nxf8 Bxf8 31.Qxf5 Qxc4 32.Qe6+ Kh8 33.Qf7 Qf4 34.Qxf4 exf4 35.Bd2 Ra4
36.Rb1 Bg7 37.Kf1 Rd4 38.Rxb7 Be5 39.Ke2 Rxd5 40.Rb4 f3+ 41.gxf3 Kg7 42.f4 Bf6
43.Be3 Rh5 44.Rb7+ Kg6 45.Rd7 Rxh3 46.Rxd6 Kf5 47.Kf1 Rh1+ 48.Kg2 Rb1 49.Rd5+ Ke6
50.Rh5 Rb7 51.Kf3 Rc7 52.f5+ Kd5 53.Rh6 Rf7 54.Rh5 Rb7 55.Bf4 Rb3+ 56.Kg2 Ke4
57.Bg3 Rd3 58.Rxh7 Kxf5 59.Ra7 Rd5 60.Ra4 Be5 61.f4 Bf6 62.Kh3 Rb5 63.Ra8 Rd5
64.Rf8 Rd3 65.Rb8 Rd5  1/2-1/2

[Event "Autumn-5"]
[Site "Alushta UKR"]
[Date "2008.10.02"]
[Round "9"]
[White "Kutynec,V"]
[Black "Obukhov,A"]
[Result "1/2-1/2"]
[WhiteElo "2281"]
[BlackElo "2438"]

1.Nf3 Nf6 2.c4 g6 3.Nc3 Bg7 4.e4 d6 5.d4 O-O 6.Be2 e5 7.dxe5 dxe5 8.Qxd8 Rxd8
9.Bg5 Re8 10.O-O-O c6 11.Nxe5 Nxe4 12.Nxe4 Bxe5 13.Nd6 Bxd6 14.Rxd6  1/2-1/2

[Event "Autumn-5"]
[Site "Alushta UKR"]
[Date "2008.10.02"]
[Round "9"]
[White "Iljin,T"]
[Black "Kovalev,An"]
[Result "1/2-1/2"]
[WhiteElo "2408"]
[BlackElo "2550"]

1.d4 Nf6 2.Nf3 g6 3.c4 Bg7 4.Nc3 O-O 5.e4 d6 6.Be2 e5 7.O-O Na6 8.Be3 c6
9.dxe5 dxe5 10.Qxd8 Rxd8 11.Rfd1 Re8 12.h3 Bf8 13.a3  1/2-1/2

[Event "Podillya It"]
[Site "Khmelnitsky UKR"]
[Date "2008.10.02"]
[Round "9"]
[White "Razin,V"]
[Black "Harutjunyan,G"]
[Result "1-0"]
[WhiteElo "2288"]
[BlackElo "2441"]

1.d4 Nf6 2.Nf3 d6 3.c4 g6 4.Nc3 Bg7 5.e4 O-O 6.Be2 Bg4 7.Ng1 Bc8 8.Nf3 Na6
9.O-O e5 10.Re1 Qe8 11.Bf1 Bg4 12.d5 Qe7 13.Rb1 c5 14.dxc6 bxc6 15.b4 Nc7
16.Be3 Ne6 17.Be2 Nh5 18.b5 c5 19.Nd5 Qd8 20.Qd2 f5 21.exf5 Bxf5 22.Ng5 Nd4
23.Bd3 Bh6 24.h4 Ng7 25.Rbd1 Qd7 26.Nxh7 Kxh7 27.Bxh6 Bxd3 28.Bxg7 Kxg7 29.Qxd3 Rf7
30.Re3 Qg4 31.Re4 Qh5 32.a4 Raf8 33.Rf1 Rf5 34.g4 Rf3 35.gxh5 Rxd3 36.Rg4 Kh6
37.hxg6 Rg8 38.h5 Rf3 39.Kg2 Rf5 40.Ne7 Rg7 41.Nxf5+ Nxf5 42.Rh1 Re7 43.a5 Ng7
44.Rg3 e4 45.b6 axb6 46.axb6 Nf5 47.Rb3 Rb7 48.Ra1 Nd4 49.Ra7 Rb8 50.Rg3  1-0

[Event "8th YM"]
[Site "Winterthur SUI"]
[Date "2008.10.03"]
[Round "1"]
[White "Carron,J"]
[Black "Lehmann,Mar"]
[Result "0-1"]
[WhiteElo "2414"]
[BlackElo "2301"]

1.d4 Nf6 2.c4 g6 3.Nc3 Bg7 4.e4 d6 5.Be2 O-O 6.Nf3 e5 7.O-O Nbd7 8.Be3 Re8
9.d5 Nh5 10.g3 Bf8 11.Ne1 Ng7 12.Nd3 f5 13.f3 Be7 14.Qd2 Nf6 15.Nf2 Rf8 16.Kh1 Rf7
17.f4 exf4 18.gxf4 fxe4 19.Nfxe4 Nxe4 20.Nxe4 Bh3 21.Rg1 Bh4 22.Ng5 Bxg5
23.Rxg5 Nf5 24.Bf2 Qf6 25.Rc1 Ng7 26.Be3 Re8 27.Bf3 Nf5 28.Bf2 Rfe7 29.Qc3 Qf7
30.Re1 Rxe1+ 31.Bxe1 h6 32.Rg1 Re3 33.Bh5 Rxc3 34.Bxg6 Qxg6 35.Rxg6+ Kf7  0-1

[Event "TCh-AUT 2nd Bundesliga Ost 2008-9"]
[Site "Austria AUT"]
[Date "2008.10.04"]
[Round "2"]
[White "Schneider Zinner,H"]
[Black "Ganaus,H"]
[Result "0-1"]
[WhiteElo "2394"]
[BlackElo "2275"]

1.d4 Nf6 2.c4 g6 3.Nc3 Bg7 4.e4 O-O 5.Nf3 d6 6.Be2 Nbd7 7.O-O e5 8.Qc2 Nh5
9.Rd1 Nf4 10.Bf1 Ne6 11.d5 Nf4 12.g3 Nh5 13.Bg2 a5 14.Be3 Bf6 15.Ne1 Be7
16.Nd3 f5 17.exf5 gxf5 18.f4 e4 19.Nf2 Ng7 20.a3 h5 21.b4 Nf6 22.Ne2 h4 23.Bd4 Nfh5
24.c5 axb4 25.axb4 Rxa1 26.Bxa1 Qe8 27.Qb3 Qg6 28.Rc1 Kh7 29.cxd6 Bxd6 30.Nh3 hxg3
31.Ng5+ Kg8 32.hxg3 Nf6 33.Nd4 Nh7 34.Nge6 Nxe6 35.Nxe6 Rf7 36.Qc3 Nf6 37.Bb2 Qh5
38.Ra1 Nxd5 39.Ng7 Nxc3 40.Nxh5 Bxb4 41.Ra8 Rf8 42.Nf6+ Kf7 43.Nh7 Rd8 44.Bf1 Ke7
45.Bc4 Bd7 46.Ra3 Be6 47.Rxc3 Bxc3 48.Ba3+ Kd7  0-1

[Event "1st WMSG Blitz Ind w"]
[Site "Beijing CHN"]
[Date "2008.10.04"]
[Round "1"]
[White "Mohota,N"]
[Black "Paehtz,E"]
[Result "1/2-1/2"]
[WhiteElo "2311"]
[BlackElo "2471"]

1.d4 Nf6 2.c4 g6 3.Nc3 Bg7 4.e4 d6 5.Nf3 O-O 6.Be2 e5 7.Be3 Na6 8.O-O Qe8
9.dxe5 dxe5 10.h3 c6 11.c5 Nc7 12.Nd2 Qe7 13.Nc4 Ne6 14.b4 Ne8 15.Nd6 Nd4
16.Nxc8 Rxc8 17.Bc4 Nc7 18.Ne2 Rcd8 19.Qc1 Nce6 20.a4 a5 21.bxa5 Qxc5 22.Kh1 Qxa5
23.Bd2 Qc7 24.Bb4 Rfe8 25.Rd1 Nxe2 26.Bxe2 Nd4 27.Bf1 Ra8 28.Qc4 Qc8 29.Bc3 Qe6
30.Qxe6 fxe6 31.a5 c5 32.Bc4 Kf7 33.f3 Bf8 34.Rdb1 Re7 35.a6 bxa6 36.Rxa6 Rxa6
37.Bxa6 Ra7 38.Rb7+ Rxb7 39.Bxb7 Bd6 40.Bxd4 exd4 41.Ba6 Ke7 42.Kg1 Kd7 43.Bb5+ Kc7
44.Kf1 Kb6 45.Bc4 Ka5 46.Ke2 Kb4 47.Kd3 e5 48.Ba6 Be7 49.Bc4 Bg5 50.Bg8 h6
51.Bf7 Be3 52.Bc4 h5 53.Bf7 g5 54.Be6 Ka3 55.Bd5 Kb2 56.Bc4 Kc1 57.Bb3 c4+
58.Bxc4 Kd1 59.Bf7 h4 60.Bh5 Ke1 61.Bf7 Kf2 62.Be6 Kxg2 63.Bg4 Kg3 64.Ke2 Bf4
65.Kd3 Kf2 66.Bh5 g4 67.Bxg4  1/2-1/2

[Event "1st WMSG Blitz Ind w"]
[Site "Beijing CHN"]
[Date "2008.10.04"]
[Round "2"]
[White "Hoang Thi Bao Tram"]
[Black "Dworakowska,J"]
[Result "1-0"]
[WhiteElo "2250"]
[BlackElo "2363"]

1.d4 Nf6 2.Nf3 g6 3.c4 Bg7 4.Nc3 d6 5.e4 O-O 6.Be2 e5 7.Be3 Ng4 8.Bg5 Qe8
9.Nd5 Na6 10.h3 f6 11.Bd2 Nh6 12.dxe5 dxe5 13.Qc1 Nf7 14.c5 c6 15.Ne3 Nc7
16.O-O Ne6 17.b4 Nf4 18.Bc4 Be6 19.Re1 Rd8 20.Qc2 Bh6 21.Rad1 Kh8 22.Ng4 Bxc4
23.Qxc4 Nxh3+ 24.gxh3 Bxd2 25.Rxd2 Ng5 26.Nxg5 Rxd2 27.Nf3 Rd7 28.Kg2 Qd8
29.Qe6 Re7 30.Qb3 Rd7 31.Qe6 Re7 32.Qc4 Rd7 33.Ne3 Kg7 34.Qb3 Rd3 35.Qc2 h5
36.Nc4 Rd7 37.Nd6 b5 38.Rg1 Kh7 39.Kh2 Qe7 40.Qe2 Qe6 41.Nh4 Rg8 42.Ndf5 Qe8
43.Nxg6 Qxg6 44.Rxg6 Kxg6 45.Nh4+ Kh6 46.Qe3+ Rg5 47.Nf3 Kg6 48.Nxg5 fxg5
49.Qb3 Rd2 50.Qe6+ Kh7 51.Qf5+ Kh6 52.Kg2 Rxa2 53.Qe6+ Kg7 54.Qxa2 Kf6 55.Qxa7 Ke6
56.Qc7 g4 57.hxg4 hxg4 58.Qxc6+ Ke7 59.Qxb5 Kf6 60.Qc6+ Kg5 61.Qe6 Kf4 62.Qg6 g3
63.Qf5+  1-0

[Event "1st WMSG Blitz Ind w"]
[Site "Beijing CHN"]
[Date "2008.10.04"]
[Round "9"]
[White "Mohota,N"]
[Black "Dembo,Y"]
[Result "0-1"]
[WhiteElo "2311"]
[BlackElo "2446"]

1.d4 Nf6 2.c4 g6 3.Nc3 Bg7 4.e4 d6 5.Nf3 O-O 6.Be2 e5 7.Be3 Ng4 8.Bg5 f6
9.Bh4 g5 10.Bg3 Nh6 11.d5 Nd7 12.Nd2 f5 13.exf5 Nf6 14.Nde4 Bxf5 15.Bd3 Nxe4
16.Nxe4 c6 17.O-O cxd5 18.cxd5 Bg6 19.Qd2 Qe7 20.Rac1 g4 21.Qb4 Nf5 22.Rfd1 h5
23.Nxd6 Rad8 24.Bxf5 Bxf5 25.Qxb7 Qxd6 26.Qxa7 Rc8 27.Qe3 Bh6  0-1

[Event "1st WMSG Blitz Ind w"]
[Site "Beijing CHN"]
[Date "2008.10.04"]
[Round "10"]
[White "Huang Qian"]
[Black "Ju Wenjun"]
[Result "1-0"]
[WhiteElo "2430"]
[BlackElo "2397"]

1.d4 Nf6 2.c4 g6 3.Nc3 Bg7 4.e4 d6 5.Be2 O-O 6.Nf3 e5 7.O-O Nbd7 8.Re1 Re8
9.Bf1 exd4 10.Nxd4 c6 11.f3 Qc7 12.Be3 Nc5 13.Bf2 Bd7 14.Qc2 Rad8 15.Rad1 a6
16.b4 Ne6 17.Nde2 Nh5 18.Na4 c5 19.Nac3 cxb4 20.Nd5 Qc6 21.Nxb4 Qa4 22.Qxa4 Bxa4
23.Rb1 Nhf4 24.Nxf4 Nxf4 25.g3 Ne6 26.Nd5 Bc6 27.Red1 Kf8 28.h4 h5 29.Nb4 Ba4
30.Rdc1 Nc5 31.Nd5 Bc6 32.Rd1 Na4 33.Rb3 Nc5 34.Rbb1 Na4 35.Rbc1 Rc8 36.Kg2 Red8
37.Rc2 Nc5 38.Rcc1 Ne6 39.Be2 Ba4 40.Re1 b5 41.Nb6 Rb8 42.Nxa4 bxa4 43.Rc2 Ke7
44.Rd1 a3 45.Rd3 Rb2 46.Bd1 Rxc2 47.Bxc2 Bb2 48.Rb3 Nc5 49.Rb6 Ra8 50.Bb1 Kd7
51.Bc2 Kc7 52.Rb4 a5 53.Rb5 Kc6 54.Bxc5 dxc5 55.Ba4 Kd6 56.Rb6+ Ke5 57.Kf2 Rd8
58.Ke3 Bc1+ 59.Ke2 Rd2+ 60.Ke1 Rxa2 61.Be8 Ra1 62.Ke2 Bb2 63.Bxf7 Bd4 64.Kd3 Rd1+
65.Ke2 Ra1 66.Re6+  1-0

[Event "58th TCh m 1st Div"]
[Site "Borovets BUL"]
[Date "2008.10.04"]
[Round "4"]
[White "Dobrev,Nan"]
[Black "Ermenkov,Evgenij"]
[Result "1/2-1/2"]
[WhiteElo "2408"]
[BlackElo "2465"]

1.d4 Nf6 2.c4 g6 3.Nc3 Bg7 4.e4 d6 5.Nf3 O-O 6.Be2 e5 7.dxe5 dxe5 8.Qxd8 Rxd8
9.O-O c6 10.Be3 Ng4 11.Rad1 Re8 12.Bc1 f6 13.h3 Nh6 14.Be3 Nf7 15.g4 Be6
16.Kg2 Bf8 17.Nd2 Na6 18.Nb3 Bh6 19.Bxh6 Nxh6 20.Rd2 Rad8 21.Rfd1 Nf7 22.Rxd8 Rxd8
23.Rxd8+ Nxd8 24.a3 Kf7 25.Nd2 Ke7 26.b4 Nc7 27.c5 a6 28.h4 Nb5 29.Nxb5 axb5
30.Kg3 h6 31.Bd1 g5 32.h5 Bc8 33.Bb3 Ne6 34.Bxe6 Bxe6 35.Nf1 Kd7 36.Ne3 Kc7
37.Nf1 Kd7 38.Ne3  1/2-1/2

[Event "Chigorin Memorial"]
[Site "St Petersburg RUS"]
[Date "2008.10.04"]
[Round "1"]
[White "Brodsky,M"]
[Black "Ivkina,O"]
[Result "1/2-1/2"]
[WhiteElo "2550"]
[BlackElo "2229"]

1.d4 Nf6 2.c4 g6 3.Nc3 Bg7 4.e4 d6 5.Be2 O-O 6.Nf3 e5 7.O-O Na6 8.Re1 Re8
9.Bf1 Bg4 10.d5 Nb4 11.Be2 a5 12.Be3 b6 13.h3 Bd7 14.a3 Na6 15.Nd2 h6 16.Rb1 Nh7
17.b4 axb4 18.axb4 f5 19.Nf3 Nf6 20.Bd3 f4 21.Bd2 g5 22.Kf1 Rf8 23.Qb3 Qc8
24.Ke2 Nh7 25.Rh1 h5 26.Kd1 Qe8 27.Kc2 Qe7 28.Rb2 Ra7 29.Ra2 g4 30.hxg4 hxg4
31.Nh4 Rfa8 32.Kb1 Ng5 33.Bc1 Qf6 34.Ra3 Nh3 35.gxh3 Qxh4 36.Nb5 Bxb5 37.cxb5 Nb8
38.Rxa7 Rxa7 39.Bc2 Nd7 40.Rf1 gxh3 41.Rh1 h2 42.Qf3 Nf6 43.Qg2 Ng4 44.Bd1 Qxf2
45.Rxh2 Qxg2 46.Rxg2 Nf6 47.Bf3 Kf7 48.Kb2 Bh6 49.Bd2 Ra8 50.Be1 Rg8 51.Rxg8 Nxg8
52.Bh4 Nf6 53.Bxf6 Kxf6 54.Kc3 Kg5 55.Kd3 Kh4 56.Ke2 Kg3 57.Bh1 Bg5 58.Bf3 Bh4
59.Bh1 Kh2 60.Bf3 Kg1 61.Bg4 Bf2 62.Bf3 Bd4 63.Bg4 Bc3 64.Bf3 Bxb4 65.Bg4  1/2-1/2